<?xml version="1.0" encoding="UTF-8"?>
<collection xmlns="http://www.loc.gov/MARC21/slim">
 <record>
  <leader>00750pamaa2200205   4500</leader>
  <controlfield tag="001">0000046025</controlfield>
  <controlfield tag="005">20090828090000.0</controlfield>
  <controlfield tag="008">090828                             eng  </controlfield>
  <datafield tag="020" ind1="0" ind2="0">
   <subfield code="a">9789676104861 / 9676104868 (pbk.) </subfield>
  </datafield>
  <datafield tag="090" ind1="0" ind2="0">
   <subfield code="a">DS597.215.M34 </subfield>
   <subfield code="b">ZAI 1994</subfield>
  </datafield>
  <datafield tag="100" ind1="1" ind2="1">
   <subfield code="a">Zainudin Maidin </subfield>
  </datafield>
  <datafield tag="240" ind1="0" ind2="0">
   <subfield code="a">Mahathir di sebalik tabir</subfield>
  </datafield>
  <datafield tag="245" ind1="1" ind2="4">
   <subfield code="a">The other side of Mahathir  </subfield>
   <subfield code="c">Zainuddin Maidin; </subfield>
   <subfield code="f">translated by Wan A. Hulaimi.</subfield>
  </datafield>
  <datafield tag="260" ind1="0" ind2="0">
   <subfield code="a">Cheras, Kuala Lumpur: </subfield>
   <subfield code="b">Utusan Publications &amp; Distributors, </subfield>
   <subfield code="c">1994.</subfield>
  </datafield>
  <datafield tag="300" ind1=" " ind2=" ">
   <subfield code="a">xii, 306 p.: </subfield>
   <subfield code="b">ill.; </subfield>
   <subfield code="c">19 cm.</subfield>
  </datafield>
  <datafield tag="600" ind1="1" ind2="0">
   <subfield code="a">Mahathir Mohamad, </subfield>
   <subfield code="d">1925-</subfield>
  </datafield>
  <datafield tag="650" ind1="0" ind2="0">
   <subfield code="a">Malaysia -- </subfield>
   <subfield code="x">Politics and government </subfield>
  </datafield>
  <datafield tag="650" ind1="0" ind2="0">
   <subfield code="a">Prime ministers -- </subfield>
   <subfield code="x">Biography -- </subfield>
   <subfield code="z">Malaysia </subfield>
  </datafield>
  <datafield tag="700" ind1="1" ind2="1">
   <subfield code="a">Wan A. Hulaimi </subfield>
  </datafield>
  <datafield tag="901" ind1=" " ind2=" ">
   <subfield code="u">www.mybooks.com.my</subfield>
  </datafield>
 </record>
</collection>
